[Event "Deggendorf op"]
[Site "Deggendorf"]
[Date "2006.06.17"]
[Round "5"]
[White "Skotnitzki, Juri"]
[Black "Otterbach, Gerhard"]
[Result "1/2-1/2"]
[WhiteElo "1347"]
[BlackElo "1428"]
[PlyCount "48"]
[EventDate "2006.06.15"]
[EventType "swiss"]
[EventRounds "7"]
[EventCountry "GER"]
[SourceTitle "EXT 2008"]
[Source "ChessBase"]
[SourceDate "2007.11.25"]
[SourceVersion "1"]
[SourceVersionDate "2007.11.25"]
[SourceQuality "1"]

1. d4 Nf6 2. c4 c5 3. Nf3 cxd4 4. Nxd4 e5 5. Nf3 d6 6. Bg5 Be7 7. Nc3 Nc6 8. e3 0-0 9. Qc2 Be6 10. Bd3 Nb4 11. Qd2 Nxd3+ 12. Qxd3 a6 13. 0-0 Qc7 14. b3 h6 15. Bh4 Rac8 16. Bxf6 Bxf6 17. Nd5 Bxd5 18. Qxd5 Rfd8 19. Rad1 b6 20. Rd2 Qc6 21. Rfd1 g6 22. e4 Kg7 23. Qxc6 Rxc6 24. a4 a5 1/2-1/2

[Event "Niederbayern-ch MK 47th"]
[Site "Aidenbach"]
[Date "2006.??.??"]
[Round "2"]
[White "Kreuzer, Klaus"]
[Black "Skotnitzki, Juri"]
[Result "1-0"]
[WhiteElo "2016"]
[BlackElo "1217"]
[PlyCount "83"]
[EventDate "2006.04.18"]
[EventType "swiss"]
[EventRounds "9"]
[EventCountry "GER"]
[SourceTitle "EXT 2023"]
[Source "ChessBase"]
[SourceDate "2022.10.05"]
[SourceVersion "1"]
[SourceVersionDate "2022.10.05"]
[SourceQuality "1"]

1. d4 d5 2. Nf3 Bg4 3. c4 e6 4. Ne5 Bf5 5. Qb3 Nc6 6. Nxc6 bxc6 7. Nc3 Nf6 8. Qb7 dxc4 9. Qxc6+ Nd7 10. e4 Bg6 11. h4 h6 12. Bxc4 Bb4 13. Bxe6 Ke7 14. Bxd7 Qxd7 15. Qxd7+ Kxd7 16. f3 Ke7 17. Bf4 c6 18. h5 Bh7 19. g4 f6 20. 0-0-0 Rhd8 21. Kc2 Bg8 22. a3 Ba5 23. Na4 Rd7 24. Nc5 Rdd8 25. Nb7 Bc7 26. Bxc7 Rd7 27. Bd6+ Rxd6 28. Nxd6 Kxd6 29. b4 a5 30. bxa5 Rxa5 31. Rd3 Bc4 32. Rc3 Bb5 33. Kd2 Ra4 34. Ke3 Ra7 35. Rb1 Rb7 36. a4 Ba6 37. Rxb7 Bxb7 38. Rb3 Kc7 39. Rxb7+ Kxb7 40. Kd3 Kb6 41. Kc4 Kc7 42. Kc5 1-0

[Event "Niederbayern-ch MK 47th"]
[Site "Aidenbach"]
[Date "2006.??.??"]
[Round "9"]
[White "Skotnitzki, Juri"]
[Black "Neulinger Jagode, Rupert"]
[Result "0-1"]
[WhiteElo "1217"]
[BlackElo "1708"]
[PlyCount "120"]
[EventDate "2006.04.18"]
[EventType "swiss"]
[EventRounds "9"]
[EventCountry "GER"]
[SourceTitle "EXT 2023"]
[Source "ChessBase"]
[SourceDate "2022.10.05"]
[SourceVersion "1"]
[SourceVersionDate "2022.10.05"]
[SourceQuality "1"]

1. d4 d5 2. e3 Nf6 3. c4 c6 4. Nc3 Bf5 5. b3 e6 6. Bb2 Nbd7 7. h3 Rc8 8. Nf3 Bd6 9. Bd3 Bg6 10. Bxg6 hxg6 11. Qe2 Nh7 12. e4 dxe4 13. Nxe4 Bb4+ 14. Bc3 Bxc3+ 15. Nxc3 Qa5 16. Qd2 Ndf6 17. 0-0 0-0 18. Rfd1 Rfd8 19. Qe3 Nd7 20. Ne4 Ndf6 21. Nc3 Qf5 22. Rd2 g5 23. Qe5 Qg6 24. Rad1 g4 25. hxg4 Nxg4 26. Qg3 Nhf6 27. Nh2 Qf5 28. Nxg4 Nxg4 29. Rd3 f6 30. Rf3 Qh5 31. Qh3 Qxh3 32. Rxh3 Kf7 33. Rhd3 Rc7 34. f3 Nh6 35. Kf2 a6 36. a4 Rcd7 37. Ke3 Nf5+ 38. Ke4 Ne7 39. g4 g6 40. d5 f5+ 41. Ke5 cxd5 42. cxd5 exd5 43. gxf5 d4 44. fxg6+ Nxg6+ 45. Kf5 Ne7+ 46. Ke5 Re8 47. Ne4 Ng6+ 48. Kf5 Rd5+ 49. Kg4 Ne5+ 50. Kf4 Nxd3+ 51. Rxd3 Kg6 52. Kg3 Kf5 53. Kf2 Rxe4 54. fxe4+ Kxe4 55. Ke2 Rh5 56. Rd2 d3+ 57. Ke1 Ke3 58. Rf2 Rh1+ 59. Rf1 d2+ 60. Kd1 Rxf1+ 0-1

[Event "Niederbayern-ch MK 47th"]
[Site "Aidenbach"]
[Date "2006.??.??"]
[Round "6"]
[White "Viertlboeck, Johann"]
[Black "Skotnitzki, Juri"]
[Result "1/2-1/2"]
[WhiteElo "1718"]
[BlackElo "1217"]
[PlyCount "52"]
[EventDate "2006.04.18"]
[EventType "swiss"]
[EventRounds "9"]
[EventCountry "GER"]
[SourceTitle "EXT 2023"]
[Source "ChessBase"]
[SourceDate "2022.10.05"]
[SourceVersion "1"]
[SourceVersionDate "2022.10.05"]
[SourceQuality "1"]

1. Nf3 d5 2. d4 e6 3. e3 c5 4. c4 Nf6 5. Nc3 Nc6 6. Be2 b6 7. 0-0 Bb7 8. cxd5 exd5 9. Bb5 a6 10. Ba4 b5 11. Bc2 c4 12. a3 Bd6 13. e4 dxe4 14. Nxe4 Nxe4 15. Bxe4 0-0 16. Qc2 h6 17. Be3 Re8 18. d5 Ne7 19. Rad1 Rf8 20. Qd2 f5 21. Bb1 Nxd5 22. Bd4 Bc7 23. Bc5 Bd6 24. Bxd6 Qxd6 25. Rfe1 Qc7 26. Nd4 Qf4 1/2-1/2